Estatísticas para Cultura Geral

Clique aqui para jogar o quiz

Estatísticas Gerais

  • Esse quiz foi jogado 29 vezes
  • A pontuação média é 5 de 16

Estatísticas das Respostas

HintResposta% Correto
Que estado dos EUA tem mais cavalos?Texas
70%
Que animal africano pode cruzar com cavalos?Zebra
65%
Que antigo ramo das forças armadas era composto por pessoas que lutaram a cavalo?Cavalaria
52%
Em que país podemos encontrar a cidade de Albuquerque?Estados Unidos
52%
Quem canta a música "Love Yourself"?Justin Bieber
48%
Qual é a cidade mais populosa do Colorado?Denver
43%
Em que estado dos EUA podemos encontrar a cidade de Atlanta?Georgia
43%
Por ordem alfabética qual é o último estado dos EUA?Wyoming
39%
Em que estado dos EUA podemos encontrar a cidade de Burbank?Califórnia
30%
O que os cavalos fazem em pé que as pessoas geralmente não conseguem?Dormem
26%
Qual é o quinto elemento da tabela periódica?Boro
17%
Quem é o único país no mundo com mais cavalos do que pessoas?Mongólia
17%
Que nome damos ao estudo do voo de bala?Balística
13%
Que nome damos a um funcionário de cafeteria?Barista
9%
Como se diz golfinho em francês?Dauphin
9%
A que sabem os doces Skittles?Fruta
4%

Distribuição das Pontuações

Percentil de Números Respondidos

Porcentagem de Pessoas com Cada Pontuação

Sua Pontuação Histórica

Você não jogou esse quiz